| 000 | 00569nam a2200217Ia 4500 | ||
|---|---|---|---|
| 003 | GCL | ||
| 008 | 140319s9999 xx 000 0 eng d | ||
| 040 |
_aGCL / _cGCL |
||
| 082 | 0 | 4 |
_a658.1511 _bD M |
| 100 | 1 | _aDRURY, COLIN | |
| 245 | 1 | 0 |
_aMANAGEMENT AND CAST ACCOUNTING, 3 ED / _cDRURY, COLIN |
| 260 |
_a[S.N] : _bEDUCATIONAL LOW-PRICED BOOKS SCHEME ، _c1992 |
||
| 300 | _a874 P | ||
| 650 | 0 | 4 | _aMANAGEMENT |
| 650 | 0 | 4 | _aBUSINESS |
| 650 | 0 | 4 | _aACCOUNTING |
| 650 | 0 | 4 | _aDECISION - MAKING |
| 650 | 0 | 4 | _aCOST ACCOUNTING |
| 650 | 0 | 4 | _aPLANNING |
| 942 |
_2ddc _cBK |
||
| 999 |
_c20495 _d20495 |
||